Analytical and Stochastic Modeling Techniques and Applications 21st International Conference, ASMTA 2014, Budapest, Hungary, June 30 – July 2, 2014. Proceedings /

This book constitutes the refereed proceedings of the 21st International Conference on Analytical and Stochastic Modelling Techniques and Applications, ASMTA 2014, held in Budapest, Hungary, in June/July 2014. The 18 papers presented were carefully reviewed and selected from 27 submissions. The pape...

Full description

Bibliographic Details
Corporate Author: SpringerLink (Online service)
Other Authors: Sericola, Bruno (Editor), Telek, Miklós (Editor), Horváth, Gábor (Editor)
Format: Electronic eBook
Language:English
Published: Cham : Springer International Publishing : Imprint: Springer, 2014.
Series:Lecture Notes in Computer Science, 8499
Subjects:
Online Access:Full Text via HEAL-Link
LEADER 02879nam a22005775i 4500
001 978-3-319-08219-6
003 DE-He213
005 20151030041201.0
007 cr nn 008mamaa
008 140528s2014 gw | s |||| 0|eng d
020 |a 9783319082196  |9 978-3-319-08219-6 
024 7 |a 10.1007/978-3-319-08219-6  |2 doi 
040 |d GrThAP 
050 4 |a QA76.758 
072 7 |a UMZ  |2 bicssc 
072 7 |a COM051230  |2 bisacsh 
082 0 4 |a 005.1  |2 23 
245 1 0 |a Analytical and Stochastic Modeling Techniques and Applications  |h [electronic resource] :  |b 21st International Conference, ASMTA 2014, Budapest, Hungary, June 30 – July 2, 2014. Proceedings /  |c edited by Bruno Sericola, Miklós Telek, Gábor Horváth. 
264 1 |a Cham :  |b Springer International Publishing :  |b Imprint: Springer,  |c 2014. 
300 |a X, 273 p. 83 illus.  |b online resource. 
336 |a text  |b txt  |2 rdacontent 
337 |a computer  |b c  |2 rdamedia 
338 |a online resource  |b cr  |2 rdacarrier 
347 |a text file  |b PDF  |2 rda 
490 1 |a Lecture Notes in Computer Science,  |x 0302-9743 ;  |v 8499 
505 0 |a Analytical, numerical and simulation algorithms for stochastic systems.- Markov processes -- Queueing networks -- Stochastic Petri nets -- Process algebras -- Game theory. 
520 |a This book constitutes the refereed proceedings of the 21st International Conference on Analytical and Stochastic Modelling Techniques and Applications, ASMTA 2014, held in Budapest, Hungary, in June/July 2014. The 18 papers presented were carefully reviewed and selected from 27 submissions. The papers discuss the latest developments in analytical, numerical and simulation algorithms for stochastic systems, including Markov processes, queueing networks, stochastic Petri nets, process algebras, game theory, etc. 
650 0 |a Computer science. 
650 0 |a Computer communication systems. 
650 0 |a Computer system failures. 
650 0 |a Software engineering. 
650 0 |a Algorithms. 
650 0 |a Mathematical statistics. 
650 1 4 |a Computer Science. 
650 2 4 |a Software Engineering. 
650 2 4 |a Computer Communication Networks. 
650 2 4 |a System Performance and Evaluation. 
650 2 4 |a Information Systems Applications (incl. Internet). 
650 2 4 |a Probability and Statistics in Computer Science. 
650 2 4 |a Algorithm Analysis and Problem Complexity. 
700 1 |a Sericola, Bruno.  |e editor. 
700 1 |a Telek, Miklós.  |e editor. 
700 1 |a Horváth, Gábor.  |e editor. 
710 2 |a SpringerLink (Online service) 
773 0 |t Springer eBooks 
776 0 8 |i Printed edition:  |z 9783319082189 
830 0 |a Lecture Notes in Computer Science,  |x 0302-9743 ;  |v 8499 
856 4 0 |u http://dx.doi.org/10.1007/978-3-319-08219-6  |z Full Text via HEAL-Link 
912 |a ZDB-2-SCS 
912 |a ZDB-2-LNC 
950 |a Computer Science (Springer-11645)